Регионална библиотека "Любен Каравелов" - Русе

С тебешир и молив (Запис номер 155705)

MARC детайли
000 -Лидер
Контролно поле с фиксирана дължина 01651nam a2200397 c 4500
003 - Код на организацията, давaща контролен номер
Контролно поле BLK
005 - Дата и час на последна редакция
Контролно поле 20240925125656.0
008 - Елементи от данни с фиксирана дължина
fixed length control field 180410b bul|||||r ||||||| ||bul||
010 ## - Наследен системен номер
LC control number KNG00162432000
020 ## - Международен стандартен номер на книга ISBN
Международен стандартен номер на книга ISBN 978-954-391-187-1
040 ## - Източник на каталожния запис
Идентификатор на билиотеката - собственик на записа BLK
041 ## - Код за език
Код за езика на текст/звукозапис или на отделно заглавие Български
Код за езика КДБФ Български
072 #7 - Код за тематичната категория
Код организация bullib
Код за тематична категория РА
Текст Русенски автори
072 #7 - Код за тематичната категория
Код организация bullib
Код за тематична категория Н84
Текст Българска художествена литература Н
080 ## - УДК
Текстов определител УДК Българска литература
УДК код - определител по УДК 821.163.2
УДК определител -94
УДК - код + определител 821.163.2-94
080 ## - УДК
Текстов определител УДК Ръководство. Учители. Друг персонал
УДК код - определител по УДК 37.091.113
УДК определител (0:82-9)
УДК - код + определител 37.091.113(0:82-9)
080 ## - УДК
Текстов определител УДК Българска учителка, русенка
УДК код - определител по УДК 929 Шаханова, Александрина
УДК - код + определител 929 Шаханова, Александрина
100 1# - Редна дума - Автор
Автор Шаханова, Александрина Русанова
Авторска отговорност първи автор
R(LIN) 142889
139 ## - Редно поле
Редна дума Шаханова, Александрина
Авторски знак Шах - Ш 42
245 10 - Сведения за заглавието
Заглавие С тебешир и молив
Подзаглавни данни Из спомените на една учителка
Редно поле (дума) Александрина Шаханова.
257 ## - Страна на издаване
Страна на създаване/издаване България
260 ## - Област на издателските данни
Име на издателя, разпространителя и проч. Авангард принт
Година на издаване 2014
Място на издаване, разпространение и проч. Русе
300 ## - Физическа характеристика
Страници 308 с.
Размери/Мащаб 20 см
380 ## - Жанр
Жанр Худож. лит.
600 14 - Име на лице, използвано като предмет
За него / За нея Шаханова, Александрина
9 (RLIN) 381134
653 ## - Ключова дума – ненормативна
Ключова дума мемоари
653 ## - Ключова дума – ненормативна
Ключова дума Александрина Шаханова
659 ## - Тематичен бюлетин
Тематичен бюлетин Н
852 ## - Местоположение
Форматна сигнатура Цб 269472
856 4# - Електронен адрес и достъп
Електронен формат pdf - файл
856 4# - Електронен адрес и достъп
Електронен формат pdf - файл
942 ## - АРТИКУЛИ
Вид на библиотечния материал Книги
Скрит в OPAC Не
944 ## - СЪЗДАВАНЕ И РЕДАКЦИЯ на ЗАПИСА
Създаване/Редакция Създаване
Дата на регистрацията/редакция 20.06.2014
Статус, дата на статуса Нора Радева
Служител, извършил регистрацията/редакцията 30545
944 ## - СЪЗДАВАНЕ И РЕДАКЦИЯ на ЗАПИСА
Създаване/Редакция Редакция
Дата на регистрацията/редакция 06.11.2014
Статус, дата на статуса ф /
999 ## - СИСТЕМНИ КОНТРОЛНИ НОМЕРА
Koha biblionumber 155705
Koha biblioitemnumber 155705
999 ## - СИСТЕМНИ КОНТРОЛНИ НОМЕРА
Koha biblioitemnumber 155705
Наличности
Код за отписване Код за изгубен артикул Код за повреда Коз за рестрикции Код за отдаване Артикулен № Име на библиотеката - собственик Име на библиотеката, в която се намира в момента Статус (Текущо местоположение) Дата на вписване в системата Местоположение - отдел Цена в лева Номерация (Хронология) Инвентарен номер Систематично азбучна сигнатура Баркод Номер на екземпляра Цена в евро Служебна бележка Служебен тип на артикула Източник на класификационната схема
  Не е изгубен Не е повреден без рестрикции ползва се в читалня 261154 Регионална библиотека "Любен Каравелов" Русе Регионална библиотека "Любен Каравелов" Русе Хранилище 2014-06-23 Основен фонд - ползва се само за читалня 12.00 Автограф: Александрина Шаханова 120000778534 Цб 269472 120000778534 1 6.14 Дост: DA Вид: А N: 10 Дата: 23.06.2014 Книги  
  Не е изгубен Не е повреден само за читалня ползва се в читалня 949959 Регионална библиотека "Любен Каравелов" Русе Регионална библиотека "Любен Каравелов" Русе Краезнание 2024-09-27 Краезнание 10.00   120000913326 К 821.163.2/Ш 42 А 120000913326   5.11   Книги Universal Decimal Classification
Vip Innovations Ltd, Rousse, Bulgaria 2025